[Event "BCF-chT2d 1516 (4NCL) Demotion pool"]
[Site "England"]
[Date "2016.04.30"]
[Round "9.12"]
[White "Booth, Richard"]
[Black "Shaw, Meyrick"]
[Result "0-1"]
[WhiteElo "2005"]
[BlackElo "2035"]
[PlyCount "38"]
[EventDate "2015.11.14"]
[EventType "team-tourn"]
[EventRounds "4"]
[EventCountry "ENG"]
[SourceTitle "EXT 2017"]
[Source "ChessBase"]
[SourceDate "2016.10.25"]
[SourceVersion "1"]
[SourceVersionDate "2016.10.25"]
[SourceQuality "1"]
[WhiteTeam "Hackney"]
[BlackTeam "Brown Jack Witney"]
[WhiteTeamCountry "ENG"]
[BlackTeamCountry "ENG"]

1. Nf3 c5 2. b3 d5 3. Bb2 Nc6 4. e3 Nf6 5. Bb5 Bd7 6. 0-0 e6 7. d4 Bd6 8. c4 0-0 9. cxd5 Nxd5 10. Nc3 cxd4 11. Nxd5 exd5 12. Nxd4 Qg5 13. Nf3 Qh5 14. h3 Rfe8 15. Be2 Bxh3 16. gxh3 Qxh3 17. Qxd5 Qg4+ 18. Kh1 Re6 19. Nh2 Qxe2 0-1

[Event "BCF-chT2b 1516 (4NCL)"]
[Site "England"]
[Date "2016.02.14"]
[Round "6.10"]
[White "Anilkumar, Anantha P"]
[Black "Booth, Richard"]
[Result "1-0"]
[WhiteElo "2018"]
[BlackElo "2020"]
[PlyCount "61"]
[EventDate "2015.11.14"]
[EventType "team-tourn"]
[EventRounds "7"]
[EventCountry "ENG"]
[SourceTitle "CBM 170 Extra"]
[Source "ChessBase"]
[SourceDate "2016.02.25"]
[SourceVersion "1"]
[SourceVersionDate "2016.02.25"]
[SourceQuality "1"]
[WhiteTeam "KJCA Kings"]
[BlackTeam "Hackney"]
[WhiteTeamCountry "ENG"]
[BlackTeamCountry "ENG"]

1. d4 Nf6 2. c4 e5 3. d5 Bc5 4. Nc3 d6 5. h3 Bf5 6. Bg5 h6 7. Bh4 g5 8. Bg3 c6 9. e3 Qb6 10. Qd2 Bb4 11. Bd3 e4 12. Be2 cxd5 13. a3 Qa5 14. Rc1 Bxc3 15. Rxc3 0-0 16. Bxd6 Rc8 17. g4 Be6 18. c5 Qd8 19. h4 Nc6 20. hxg5 hxg5 21. b4 a6 22. f4 Ne8 23. f5 Nxd6 24. cxd6 Bd7 25. Qxd5 Qf6 26. Rc4 Nd8 27. Qd4 Qxd4 28. Rxd4 f6 29. Rh6 Rc1+ 30. Kf2 Nc6 31. Rxe4 1-0

[Event "BCF-chT2b 1516 (4NCL)"]
[Site "England"]
[Date "2015.11.15"]
[Round "2.32"]
[White "Weaver, Lauren"]
[Black "Booth, Richard"]
[Result "0-1"]
[WhiteElo "1521"]
[BlackElo "2020"]
[PlyCount "84"]
[EventDate "2015.11.14"]
[EventType "team-tourn"]
[EventRounds "7"]
[EventCountry "ENG"]
[SourceTitle "CBM 169 Extra"]
[Source "ChessBase"]
[SourceDate "2015.12.18"]
[SourceVersion "1"]
[SourceVersionDate "2015.12.18"]
[SourceQuality "1"]
[WhiteTeam "BCM Dragons"]
[BlackTeam "Hackney"]
[WhiteTeamCountry "ENG"]
[BlackTeamCountry "ENG"]

1. d4 Nf6 2. Nf3 e6 3. e3 b6 4. Bd3 Bb7 5. 0-0 c5 6. b3 d5 7. Bb2 Be7 8. Nbd2 0-0 9. Ne5 Nc6 10. a3 Nxe5 11. dxe5 Nd7 12. Qg4 Re8 13. Qh3 g6 14. Nf3 Bf8 15. Rad1 Bg7 16. c4 Qc7 17. cxd5 Bxd5 18. Bb5 Red8 19. Bxd7 Rxd7 20. Rd3 Rad8 21. Ng5 h6 22. Nf3 Bxf3 23. Rxd7 Rxd7 24. gxf3 Rd2 25. Ba1 Bxe5 26. Qxh6 Bxa1 27. Rxa1 Qe5 28. Rf1 Qd5 29. e4 Qd4 30. Qf4 Rd1 31. Qb8+ Kg7 32. Qxa7 Rxf1+ 33. Kxf1 Qd1+ 34. Kg2 Qxb3 35. f4 c4 36. Qc7 Qd3 37. Qxb6 Qxe4+ 38. Kf1 Qd3+ 39. Ke1 c3 40. Qe3 Qb1+ 41. Ke2 Qb2+ 42. Kd3 c2 0-1